000 01441nam a2200361 c 4500
003 BLK
005 20250128005511.0
008 180412b bul|||||r ||||||| ||bul||
010 _aKNG00013612000
020 _a954-07-0940-7
_bиздат.: Унив. изд. Св. Климент Охридски
040 _aBLK
041 _aBUL
_cBUL
080 _aДемокрация
_b321.7
_x.01
_z321.7.01
080 _aВътрешна политика. Вж и 329
_b323
_x(497.2)
_z323(497.2)
100 1 _aСемков, Милен Христов
_eпърви автор
_9246569
139 _aСемков, Милен Христов
_bС 32
245 1 0 _aДвадесетият век - диктатура и демокрация
_bПублицистика
_cМилен Христов Семков.
257 _aBGR
260 София
_bУнив. изд. Св. Климент Охридски
_c1996
300 _a96 с.
_c22 см
380 _a3
500 _a2 665 тир.
650 4 _aПреход от тоталитаризъм към демокрация
_9256224
650 0 _aБългария - вътрешна политика
_9241559
653 _aдиктатура
653 _aдемокрация
852 _aЦб 189830
856 4 _qpdf
_u
856 4 _qpdf
_u
942 _cKNG
_n0
944 _aCR
_c15.01.2003
_k
_lCRON CRON
944 _aED
_c18.09.2015
_kВаля_Йорданова
999 _c12029
_d12029